000
00248nam a2200109Ia 4500
008
190216s9999||||xx |||||||||||||| ||und||
100
_a
Null
245
0
_a
Indian Trade Unions Act
260
_b
Central Law Agenccy
_c
1997
300
_a
19p
942
_c
BK
999
_c
8323
_d
8323